[Event "EU-Cup 36th"]
[Site "Struga"]
[Date "2021.09.18"]
[Round "1.16"]
[White "Nikolovski, Nikola"]
[Black "Nordstrom, Felix"]
[Result "1-0"]
[WhiteElo "2409"]
[BlackElo "2083"]
[PlyCount "93"]
[EventDate "2021.09.18"]
[EventType "team-swiss"]
[EventRounds "7"]
[EventCountry "MKD"]
[SourceTitle "CBM 204 Extra"]
[Source "ChessBase"]
[SourceDate "2021.11.30"]
[SourceVersion "1"]
[SourceVersionDate "2021.11.30"]
[SourceQuality "1"]
[WhiteTeam "Gambit Asseco See"]
[BlackTeam "Wasa"]
[WhiteTeamCountry "MKD"]
[BlackTeamCountry "SWE"]

1. e4 e6 2. Qe2 d5 3. exd5 Qxd5 4. Nc3 Qd8 5. g3 Nf6 6. Bg2 Be7 7. Nf3 c5 8. Ne5 0-0 9. d3 Nbd7 10. Nc4 Nb6 11. 0-0 Nbd5 12. a4 Bd7 13. Ne5 Rc8 14. Re1 Rc7 15. Nb5 Bxb5 16. axb5 b6 17. Bd2 Bd6 18. Nc6 Qd7 19. c4 Ne7 20. Bc3 Nxc6 21. Bxc6 Qe7 22. h4 Rd8 23. Ra6 Rcc8 24. Rea1 Bb8 25. Qd2 Ne8 26. b4 Qd6 27. Rd1 cxb4 28. Bxb4 Qe5 29. d4 Qf6 30. Bc3 e5 31. Qe3 Rxc6 32. bxc6 Qxc6 33. Qe2 exd4 34. Rxd4 Rxd4 35. Bxd4 Nc7 36. Ra3 Ne6 37. Bb2 a5 38. Re3 h6 39. Qg4 Kf8 40. Ba3+ Kg8 41. Bb2 Kf8 42. Qf5 Bc7 43. Qh7 f6 44. Qh8+ Kf7 45. Qc8 Nf8 46. Ba3 Ng6 47. Bd6 1-0

[Event "EUR-chT Seniors 65"]
[Site "Prague"]
[Date "2021.09.01"]
[Round "3.1"]
[White "Pribyl, Josef"]
[Black "Nordstrom, Felix"]
[Result "1-0"]
[WhiteElo "2226"]
[BlackElo "2083"]
[PlyCount "73"]
[EventDate "2021.08.30"]
[EventType "team-swiss"]
[EventRounds "9"]
[EventCountry "CZE"]
[SourceTitle "CBM 204 Extra"]
[Source "ChessBase"]
[SourceDate "2021.11.30"]
[SourceVersion "1"]
[SourceVersionDate "2021.11.30"]
[SourceQuality "1"]
[WhiteTeam "Praha Chess Akademia 65"]
[BlackTeam "Sweden 65 II"]
[WhiteTeamCountry "CZE"]
[BlackTeamCountry "SWE"]

1. c4 e6 2. Nf3 d5 3. b3 Nf6 4. Bb2 Be7 5. g3 0-0 6. Bg2 c5 7. 0-0 dxc4 8. bxc4 Nc6 9. d3 Qc7 10. Nc3 a6 11. a4 Rb8 12. e3 Rd8 13. Qe2 b6 14. Rfd1 Bb7 15. Rac1 Na5 16. Rb1 Bc6 17. Ba1 Ne8 18. e4 Bf6 19. h4 Qd7 20. Rd2 Bxa4 21. Nxa4 Qxa4 22. e5 Be7 23. Bc3 Qd7 24. Rdb2 Qc7 25. Qe4 Nc6 26. Ng5 Bxg5 27. Qxc6 Be7 28. Rxb6 Qxc6 29. Bxc6 Rxb6 30. Rxb6 Kf8 31. Rxa6 Rxd3 32. Ba5 Bd8 33. Ra8 Ke7 34. Bb6 f6 35. Bxc5+ Kf7 36. Ra7+ Nc7 37. Bd6 1-0

[Event "SWE-chT 1920 Elite"]
[Site "Sweden"]
[Date "2020.10.17"]
[Round "8.1"]
[White "Nordstrom, Felix"]
[Black "Kucuksari, Kaan"]
[Result "0-1"]
[WhiteElo "2052"]
[BlackElo "2319"]
[PlyCount "118"]
[EventDate "2019.10.18"]
[EventType "team-tourn"]
[EventRounds "9"]
[EventCountry "SWE"]
[SourceTitle "EXT 2022"]
[Source "ChessBase"]
[SourceDate "2021.10.06"]
[SourceVersion "1"]
[SourceVersionDate "2021.10.06"]
[SourceQuality "1"]
[WhiteTeam "Wasa"]
[BlackTeam "Lunds"]
[WhiteTeamCountry "SWE"]
[BlackTeamCountry "SWE"]

1. d4 Nf6 2. c4 e6 3. Nc3 Bb4 4. Qc2 0-0 5. a3 Bxc3+ 6. Qxc3 b6 7. Bg5 Bb7 8. Nf3 d6 9. e3 Nbd7 10. Nd2 c5 11. dxc5 bxc5 12. Bd3 h6 13. Bxf6 Qxf6 14. Qxf6 Nxf6 15. 0-0 a5 16. b3 Rfb8 17. Rab1 Bc6 18. Rfc1 Kf8 19. f3 Ke7 20. Kf2 Rb6 21. Ke2 Rab8 22. h4 Nd7 23. Rc3 Ne5 24. Bc2 f5 25. f4 Ng4 26. e4 g6 27. h5 gxh5 28. exf5 Bxg2 29. fxe6 Rf8 30. Rg3 Bc6 31. f5 Rg8 32. Rbg1 Rg5 33. Nf3 Bxf3+ 34. Rxf3 Nf6 35. Rfg3 Rg4 36. Kd3 Rb8 37. Bd1 a4 38. bxa4 Rxg3+ 39. Rxg3 Ng4 40. Kc3 Rg8 41. Kd2 Kf6 42. Rh3 Kg5 43. Rxh5+ Kxh5 44. f6 Kg6 45. Bxg4 Kxf6 46. Bf3 Rg7 47. Bd5 Ra7 48. Kc3 Rxa4 49. Kb3 Ra7 50. a4 h5 51. Bc6 Kxe6 52. Kc3 h4 53. Kd3 h3 54. Ke3 h2 55. Kf2 Rh7 56. Bh1 Rg7 57. Bg2 Ke5 58. a5 Kd4 59. a6 Ra7 0-1

[Event "Wch Seniors 65 29th"]
[Site "Bucharest"]
[Date "2019.11.14"]
[Round "3"]
[White "Nordstrom, Felix"]
[Black "Okhotnik, Vladimir"]
[Result "1/2-1/2"]
[WhiteElo "2050"]
[BlackElo "2346"]
[PlyCount "111"]
[EventDate "2019.11.12"]
[EventType "swiss"]
[EventRounds "11"]
[EventCountry "ROU"]
[SourceTitle "CBM 193 Extra"]
[Source "ChessBase"]
[SourceDate "2020.01.31"]
[SourceVersion "1"]
[SourceVersionDate "2020.01.31"]
[SourceQuality "1"]

1. d4 Nf6 2. c4 g6 3. Nc3 d5 4. Nf3 Bg7 5. e3 0-0 6. Qb3 e6 7. Be2 dxc4 8. Bxc4 Nbd7 9. 0-0 c5 10. Rd1 cxd4 11. Nxd4 Qe7 12. e4 Nb6 13. Be2 e5 14. Nf3 Bd7 15. Be3 Bc6 16. Nd2 Rfd8 17. f3 Nbd7 18. Nc4 b6 19. Bf2 Nf8 20. Rxd8 Rxd8 21. Rd1 Nh5 22. Rxd8 Qxd8 23. Qd1 Qxd1+ 24. Nxd1 Nf4 25. Bf1 Bd7 26. Be3 N4e6 27. Kf2 Nd4 28. Bd2 Nfe6 29. Nc3 Nc7 30. Bd3 Kf8 31. Ne3 Be6 32. Bc4 Bh6 33. Bxe6 Ncxe6 34. Ncd5 f5 35. Nc4 Bxd2 36. Nxd2 b5 37. exf5 gxf5 38. g4 f4 39. Ne4 Kf7 40. h4 a5 41. a4 bxa4 42. Ndc3 Nb3 43. Nxa4 Ned4 44. Nac5 Nxc5 45. Nxc5 h6 46. Nb7 Nb3 47. Ke2 Nd4+ 48. Kf2 Nc6 49. Ke2 Ke6 50. Kd3 Kd5 51. g5 hxg5 52. hxg5 Nb4+ 53. Ke2 Ke6 54. Nxa5 Kf5 55. Nc4 Nc6 56. Kd3 1/2-1/2

[Event "WchT Seniors 65"]
[Site "Rhodes"]
[Date "2019.04.16"]
[Round "1.4"]
[White "Nordstrom, Felix"]
[Black "Berkovich, Mark A"]
[Result "1/2-1/2"]
[WhiteElo "2044"]
[BlackElo "2332"]
[PlyCount "66"]
[EventDate "2019.04.16"]
[EventType "team-swiss"]
[EventRounds "9"]
[EventCountry "GRE"]
[SourceTitle "CBM 190 Extra"]
[Source "ChessBase"]
[SourceDate "2019.07.15"]
[SourceVersion "1"]
[SourceVersionDate "2019.07.15"]
[SourceQuality "1"]
[WhiteTeam "Sweden II"]
[BlackTeam "Israel"]
[WhiteTeamCountry "SWE"]
[BlackTeamCountry "ISR"]

1. d4 Nf6 2. c4 e6 3. Nc3 Bb4 4. Qc2 0-0 5. a3 Bxc3+ 6. Qxc3 b6 7. Bg5 Bb7 8. e3 d6 9. Nf3 Nbd7 10. Nd2 c5 11. dxc5 bxc5 12. f3 h6 13. Bh4 a5 14. Bd3 Ne5 15. Be2 Ng6 16. Bf2 Qe7 17. 0-0 Nd7 18. b4 axb4 19. axb4 cxb4 20. Qxb4 Nc5 21. Rfb1 Ne5 22. Rxa8 Bxa8 23. Qc3 Rc8 24. Bg3 Nc6 25. Bf1 Qc7 26. Qa3 e5 27. h3 Bb7 28. Bf2 Ba8 29. Rb5 Bb7 30. Rb1 Kf8 31. Qc3 Qa5 32. Qc2 Ba6 33. Ne4 Nxe4 1/2-1/2

[Event "EU-chT Seniors"]
[Site "Sibenik"]
[Date "2014.04.07"]
[Round "7.10"]
[White "Ekelund, Kurt E"]
[Black "Nordstrom, Felix"]
[Result "0-1"]
[WhiteElo "2040"]
[BlackElo "2125"]
[PlyCount "48"]
[EventDate "2014.04.01"]
[EventType "team-swiss"]
[EventRounds "9"]
[EventCountry "CRO"]
[SourceTitle "CBM 159 Extra"]
[Source "ChessBase"]
[SourceDate "2014.04.24"]
[SourceVersion "1"]
[SourceVersionDate "2014.04.24"]
[SourceQuality "1"]
[WhiteTeam "Sweden Seniors III"]
[BlackTeam "Sweden Seniors II"]
[WhiteTeamCountry "SWE"]
[BlackTeamCountry "SWE"]

1. e4 c5 2. Nf3 d6 3. d4 cxd4 4. Nxd4 Nf6 5. Nc3 a6 6. Be2 e6 7. Be3 Qc7 8. 0-0 b5 9. f3 Bb7 10. a3 Nbd7 11. Qe1 Be7 12. Rd1 0-0 13. Qg3 Rfd8 14. Rfe1 Ne5 15. Rd2 Nc4 16. Bxc4 Qxc4 17. Nb3 Qc7 18. Qf2 Nd7 19. Red1 Bc6 20. Nd4 Ne5 21. Nxc6 Qxc6 22. Bd4 Nc4 23. Qg3 Bf8 24. Re2 e5 0-1

[Event "SWE-chT2 1112"]
[Site "Sweden"]
[Date "2012.03.10"]
[Round "8"]
[White "Lindberg, Henrik"]
[Black "Nordstrom, Felix"]
[Result "1/2-1/2"]
[WhiteElo "2246"]
[BlackElo "2185"]
[PlyCount "37"]
[EventDate "2011.10.22"]
[EventType "team-tourn"]
[EventRounds "9"]
[EventCountry "SWE"]
[SourceTitle "EXT 2013"]
[Source "ChessBase"]
[SourceDate "2012.11.22"]
[SourceVersion "1"]
[SourceVersionDate "2012.11.22"]
[SourceQuality "1"]
[WhiteTeam "Upsala"]
[BlackTeam "Wasa"]
[WhiteTeamCountry "SWE"]
[BlackTeamCountry "SWE"]

1. e4 e5 2. Nf3 Nc6 3. Nc3 Nf6 4. d4 Bb4 5. Nxe5 Bxc3+ 6. bxc3 Qe7 7. Nxc6 Qxe4+ 8. Be2 Qxc6 9. 0-0 0-0 10. c4 d5 11. cxd5 Nxd5 12. Qd2 b5 13. Bf3 Be6 14. Ba3 Rfe8 15. Bc5 a5 16. a4 b4 17. c4 bxc3 18. Qxc3 Qd7 19. Qd2 1/2-1/2